[Event "SVM_Regionalliga_2023-24"]
[Site "?"]
[Date "2023.09.24"]
[Round "2.8"]
[White "Müller, Andreas"]
[Black "Leopold, Patrick"]
[Result "1/2-1/2"]
[WhiteElo "1775"]
[BlackElo "1460"]
[PlyCount "133"]
[EventDate "2023.09.24"]
[WhiteTeam "Bergische SF 1"]
[BlackTeam "Turm Euskirchen 1"]

1. e4 c6 2. d4 d5 3. exd5 cxd5 4. c4 Nf6 5. Nc3 Nc6 6. Bg5 e6 7. Nf3 Be7 8. c5
h6 9. Bh4 O-O 10. Bb5 Bd7 11. O-O b6 12. Bxc6 Bxc6 13. Ne5 Rc8 14. b4 bxc5 15.
bxc5 Nd7 16. Bxe7 Qxe7 17. Nxc6 Rxc6 18. Qa4 Rc7 19. Rab1 Nf6 20. Nb5 Rb7 21.
c6 Rbb8 22. Qxa7 Qxa7 23. Nxa7 Ra8 24. Rb7 Ne4 25. Rd7 Nd6 26. Rb1 Nc8 27. Nxc8
Rfxc8 28. c7 g5 29. f3 Kg7 30. a4 Ra7 31. a5 Rcxc7 32. Rxc7 Rxc7 33. a6 Ra7 34.
Ra1 f5 35. Kf2 Kf6 36. Ke3 h5 37. Kd3 f4 38. Kc3 Ke7 39. Kb4 Kd6 40. Kb5 Kc7
41. Rc1+ Kb8 42. Rc6 Re7 43. Kb6 g4 44. Rd6 Re8 45. Rd7 h4 46. Rb7+ Ka8 47. Rh7
h3 48. gxh3 gxf3 49. Rf7 Rb8+ 50. Kc5 f2 51. Rxf4 Rb2 52. h4 Ka7 53. Kd6 Rd2
54. Kxe6 Rxd4 55. Rxf2 Kxa6 56. h5 Rh4 57. Kxd5 Rxh5+ 58. Ke4 Kb6 59. Kf4 Kc7
60. Kg4 Rh7 61. h4 Kd7 62. Kg5 Ke8 63. h5 Rf7 64. Ra2 Kf8 65. h6 Kg8 66. Kg6
Rg7+ 67. hxg7 1/2-1/2

[Event "SVM_Regionalliga_2023-24"]
[Site "?"]
[Date "2023.09.24"]
[Round "2.1"]
[White "Mainka, Alwin"]
[Black "Riemland, Arnold"]
[Result "1/2-1/2"]
[WhiteElo "2163"]
[BlackElo "2180"]
[PlyCount "92"]
[EventDate "2023.09.24"]
[WhiteTeam "Arminia Eilendorf 1"]
[BlackTeam "SG Kalker/Deutzer 1"]

1. e4 c5 2. Nf3 Nc6 3. d4 cxd4 4. Nxd4 d6 5. c4 Nf6 6. Nc3 g6 7. Be2 Bg7 8. O-O
Nxd4 9. Qxd4 O-O 10. Qd3 Be6 11. Bd2 Nd7 12. b3 Ne5 13. Qg3 f5 14. Rad1 Nc6 15.
exf5 Bxf5 16. Rfe1 Nd4 17. Bd3 Be5 18. f4 Bg7 19. Bxf5 Rxf5 20. Nd5 e6 21. Bc3
exd5 22. Bxd4 Bxd4+ 23. Rxd4 dxc4 24. bxc4 Qf6 25. Red1 Rf8 26. Rxd6 Qf7 27.
R6d4 Rxf4 28. h3 Qf6 29. Qe3 Rxd4 30. Rxd4 Rf7 31. Kh2 Kg7 32. Rd5 {(=)} a6 33.
a4 Qf4+ 34. Qxf4 Rxf4 35. Rd7+ Rf7 36. Rd6 Rc7 37. Rb6 Kh6 38. Rb4 a5 39. Rb5
b6 40. Rxb6 Rxc4 41. Rb5 Rxa4 42. Kg3 Ra2 43. h4 a4 44. Ra5 Ra1 45. Ra7 a3 46.
Kh2 Ra2 {(=)} 1/2-1/2

[Event "SVM_Regionalliga_2023-24"]
[Site "?"]
[Date "2023.09.24"]
[Round "2.2"]
[White "Lunnebach, Oliver"]
[Black "Sassenscheidt, Frank"]
[Result "1-0"]
[WhiteElo "2149"]
[BlackElo "1976"]
[PlyCount "141"]
[EventDate "2023.09.24"]
[WhiteTeam "SG Kalker/Deutzer 1"]
[BlackTeam "Arminia Eilendorf 1"]

1. e4 e6 2. d3 d5 3. Nd2 c5 4. Ngf3 Nc6 5. g3 Bd6 6. Bg2 Nge7 7. c3 d4 8. Nc4
f6 9. e5 fxe5 10. Ng5 Nd5 11. Qh5+ g6 12. Qf3 Rf8 13. Qe2 Nf6 14. O-O Be7 15.
f4 e4 16. Nxe4 Nxe4 17. Bxe4 Qc7 18. Bd2 Bd7 19. a4 Kf7 20. Rae1 Rae8 21. f5
exf5 22. Bh6 Kg8 23. Bxf8 Bxf8 24. Bd5+ Kh8 25. Qf3 Bg7 26. Rxe8+ Bxe8 27. Re1
Bd7 28. Rc1 b6 29. Qe2 h5 30. Kg2 Kh7 31. Be6 Bxe6 32. Qxe6 f4 33. Nd6 fxg3 34.
hxg3 Ne5 35. Ne4 Nxd3 36. Rf1 Ne5 37. Ng5+ Kh6 38. Nf7+ Nxf7 39. Rxf7 Qe5 40.
Qxe5 Bxe5 41. cxd4 cxd4 42. Rxa7 d3 43. Rd7 Bxb2 44. Rxd3 Be5 45. Rd5 Bc3 46.
Kf3 Kg7 47. Rd7+ Kh6 48. Kf4 Be1 49. Rd3 Bf2 50. Rd6 Bg1 51. Rd5 Bf2 52. Kf3
Bg1 53. Rd1 Bc5 54. Rc1 Bd4 55. Rc4 Bg1 56. Rc1 Bd4 57. Rd1 Bc5 58. Rd5 Bg1 59.
Kf4 Bf2 60. Rd7 Bg1 61. Rc7 h4 62. Rc1 Bh2 63. Kf3 Bxg3 64. Rc6 Kh5 65. Rxb6 g5
66. Rb5 Be1 67. Re5 Bc3 68. Rc5 Bd4 69. Rd5 Ba7 70. a5 h3 71. Kg3 1-0

[Event "SVM_Regionalliga_2023-24"]
[Site "?"]
[Date "2023.09.24"]
[Round "2.3"]
[White "Alms, Frithjof"]
[Black "Gerdau, Andreas"]
[Result "0-1"]
[WhiteElo "1811"]
[BlackElo "1896"]
[PlyCount "68"]
[EventDate "2023.09.24"]
[WhiteTeam "Arminia Eilendorf 1"]
[BlackTeam "SG Kalker/Deutzer 1"]

1. e4 e5 2. Nf3 Nc6 3. Bb5 a6 4. Ba4 Nf6 5. d3 Bc5 6. Bg5 b5 7. Bb3 d6 8. O-O
Bg4 9. c3 h6 10. Be3 O-O 11. Nbd2 a5 12. Qe1 a4 13. Bc2 Re8 14. a3 Ba7 15. Rc1
Ne7 16. d4 Ng6 17. d5 Nf4 18. g3 Ng6 19. Kg2 Qd7 20. Ng1 Qe7 21. Bd3 Bd7 22.
Bxa7 Rxa7 23. Qe2 Rb7 24. Rc2 c6 25. c4 bxc4 26. dxc6 Bxc6 27. Bxc4 d5 28. Ba6
Rb6 29. Rxc6 Rxc6 30. Bb5 Rc2 31. Bxa4 Rxb2 32. Bxe8 Qxe8 33. exd5 Nxd5 34.
Ngf3 Ngf4+ 0-1

[Event "SVM_Regionalliga_2023-24"]
[Site "?"]
[Date "2023.09.24"]
[Round "2.4"]
[White "Schwark, Mario"]
[Black "Mainka, Ingmar"]
[Result "0-1"]
[WhiteElo "1846"]
[BlackElo "1850"]
[PlyCount "114"]
[EventDate "2023.09.24"]
[WhiteTeam "SG Kalker/Deutzer 1"]
[BlackTeam "Arminia Eilendorf 1"]

1. d4 Nf6 2. Nf3 g6 3. c4 Bg7 4. Nc3 d5 5. e3 O-O 6. Ne5 e6 7. Bd3 Nbd7 8. f4
c5 9. O-O dxc4 10. Bxc4 Nxe5 11. fxe5 Nd5 12. Nb5 a6 13. Nd6 b5 14. Be2 Qb6 15.
Kh1 Bd7 16. Ne4 cxd4 17. exd4 Bc6 18. Nf6+ Nxf6 19. exf6 Bh8 20. Bf3 Rad8 21.
Be3 e5 22. Bxc6 Qxc6 23. Qc1 Qxc1 24. Raxc1 exd4 25. Bd2 Rfe8 26. Rc6 Re2 27.
Ba5 Rde8 28. Rxa6 Rxb2 29. a3 h5 30. h3 Ree2 31. Rd6 Rxg2 32. Rd8+ Kh7 33. Bc7
Rgf2 34. Rxf2 Rxf2 35. Kg1 Rf5 36. Rf8 Bxf6 37. Rxf7+ Kh6 38. Rd7 Kg5 39. Kg2
Rc5 40. Bd6 Rc2+ 41. Kf3 Rc3+ 42. Kg2 Kf5 43. Bb4 Rc2+ 44. Kf3 Ke6 45. Rb7 Rh2
46. Rb6+ Kf7 47. Rb7+ Ke8 48. Rxb5 Rxh3+ 49. Kg2 Rb3 50. Rd5 g5 51. Bd6 Kf7 52.
Bb4 Ke6 53. Ra5 d3 54. Kf1 Rb1+ 55. Kg2 Rxb4 56. Ra6+ Ke7 57. Ra7+ Kd8 0-1

[Event "SVM_Regionalliga_2023-24"]
[Site "?"]
[Date "2023.09.24"]
[Round "2.5"]
[White "Kühnert, Sven"]
[Black "Arlt, Klaus"]
[Result "1/2-1/2"]
[WhiteElo "1799"]
[BlackElo "1917"]
[PlyCount "78"]
[EventDate "2023.09.24"]
[WhiteTeam "Arminia Eilendorf 1"]
[BlackTeam "SG Kalker/Deutzer 1"]

1. e4 e6 2. c4 c5 3. Nc3 Nc6 4. g3 Nf6 5. Bg2 Be7 6. a3 O-O 7. Nge2 a6 8. O-O
e5 9. d3 d6 10. h3 Nd4 11. Nxd4 cxd4 12. Ne2 Bd7 13. b4 Qc8 14. Kh2 Ne8 15. Bb2
f5 16. exf5 Bxf5 17. Rc1 Qd7 18. f4 h5 19. Ng1 exf4 20. Rxf4 Bg5 21. Qxh5 Bxf4
22. gxf4 Nf6 23. Qh4 Kf7 24. Nf3 Rh8 25. Ng5+ Kg6 26. Qg3 Nh5 27. Qf3 d5 28. c5
Qc7 29. Rf1 Rad8 30. Bxd4 Qxf4+ 31. Qxf4 Nxf4 32. Rxf4 Kxg5 33. Rf3 Rd7 34.
Rg3+ Kh6 35. Be5 Re8 36. d4 g5 37. Rf3 Kg6 38. Rg3 Kh6 39. Rf3 Kg6 {(=)}
1/2-1/2

[Event "SVM_Regionalliga_2023-24"]
[Site "?"]
[Date "2023.09.24"]
[Round "2.6"]
[White "Tbaila, Ralph"]
[Black "Mainka, Irmin"]
[Result "1-0"]
[WhiteElo "1855"]
[BlackElo "1798"]
[PlyCount "81"]
[EventDate "2023.09.24"]
[WhiteTeam "SG Kalker/Deutzer 1"]
[BlackTeam "Arminia Eilendorf 1"]

1. b4 e5 2. Bb2 Bxb4 3. Bxe5 Nf6 4. e3 b6 5. Nf3 Bb7 6. c4 Nc6 7. Bb2 d5 8. Qb3
dxc4 9. Bxc4 Qe7 10. a3 Bd6 11. Be2 O-O 12. O-O Rad8 13. Nc3 Na5 14. Qa4 c5 15.
Nb5 Bb8 16. Bc3 a6 17. Bxf6 Qxf6 18. Nc3 Qg6 19. Ra2 Bxh2+ 20. Kxh2 c4 21. Rh1
Nb3 22. Qxc4 Nxd2 23. Qc7 Ba8 24. Qg3 Nxf3+ 25. Bxf3 Qd3 26. Ne2 Bxf3 27. Qxf3
Rd6 28. Nf4 Qc4 29. Raa1 Rfd8 30. g3 g5 31. Nh5 h6 32. Kg2 Qc3 33. a4 Qe5 34.
g4 Re6 35. Ng3 Rdd6 36. Nf5 Rc6 37. Rad1 Qc7 38. Qd5 Kh7 39. Nd4 Rc4 40. Nxe6
Rxg4+ 41. Kf3 1-0

[Event "SVM_Regionalliga_2023-24"]
[Site "?"]
[Date "2023.09.24"]
[Round "2.7"]
[White "Leuchter, Johannes"]
[Black "Asselborn, Jürgen"]
[Result "1-0"]
[WhiteElo "1684"]
[BlackElo "1859"]
[PlyCount "85"]
[EventDate "2023.09.24"]
[WhiteTeam "Arminia Eilendorf 1"]
[BlackTeam "SG Kalker/Deutzer 1"]

1. Nf3 d5 2. g3 Nf6 3. d3 g6 4. Bg2 Bg7 5. O-O O-O 6. Nbd2 c5 7. c3 Nc6 8. Re1
e5 9. Qc2 Rb8 10. e4 d4 11. Nc4 Re8 12. a4 a6 13. cxd4 cxd4 14. Bd2 b5 15. axb5
axb5 16. Na5 Na7 17. Qc5 Qb6 18. Qxb6 Rxb6 19. Rec1 Bd7 20. Rc7 Nc6 21. Nxc6
Bxc6 22. Raa7 Rd8 23. Rxf7 Nd7 24. Bg5 Kxf7 25. Bxd8 Rb8 26. Bc7 Rb7 27. Rxb7
Bxb7 28. Bh3 Nc5 29. Bxe5 Nxd3 30. Ng5+ Ke7 31. Bxg7 h6 32. Bxh6 Nxb2 33. Bg7
Nc4 34. Bxd4 Kd6 35. Bf1 Na3 36. Bb2 b4 37. Bd3 Kc5 38. Ne6+ Kb6 39. Nd4 Ka5
40. e5 Bd5 41. e6 Bc4 42. Bxc4 Nxc4 43. e7 1-0

[Event "SVM_Regionalliga_2023-24"]
[Site "?"]
[Date "2023.09.24"]
[Round "2.8"]
[White "Goßmann, Jochen"]
[Black "Korr, Christopher"]
[Result "1-0"]
[WhiteElo "1808"]
[BlackElo "1699"]
[PlyCount "71"]
[EventDate "2023.09.24"]
[WhiteTeam "SG Kalker/Deutzer 1"]
[BlackTeam "Arminia Eilendorf 1"]

1. e4 c5 2. Nc3 d6 3. f4 Nc6 4. Nf3 Nf6 5. Bc4 e6 6. Qe2 a6 7. a4 Nd4 8. Nxd4
cxd4 9. Nd1 e5 10. Nf2 Be7 11. d3 O-O 12. Bd2 Qc7 13. f5 Bd7 14. Bb3 Bc6 15. g4
Nd7 16. a5 Nc5 17. Bc4 Kh8 18. g5 Rad8 19. b4 Nd7 20. h4 b5 21. Bb3 Nb8 22. Qh5
g6 23. Qf3 Rd7 24. f6 Bd8 25. h5 Qb7 26. Bxf7 gxh5 27. Bxh5 d5 28. Bg4 Rd6 29.
Bf5 Rf7 30. Ng4 dxe4 31. dxe4 Nd7 32. g6 Rfxf6 33. Rxh7+ Kg8 34. Nh6+ Kf8 35.
Rh8+ Ke7 36. Ng8+ 1-0

[Event "SVM_Regionalliga_2023-24"]
[Site "?"]
[Date "2023.09.24"]
[Round "2.1"]
[White "Radler, Alexander"]
[Black "Gulbas, Cemil"]
[Result "0-1"]
[WhiteElo "1677"]
[BlackElo "2361"]
[PlyCount "48"]
[EventDate "2023.09.24"]
[WhiteTeam "Eschweiler SC 1"]
[BlackTeam "DJK Aufwärts Aachen 1"]

1. e4 c5 2. Nf3 e6 3. d4 cxd4 4. Nxd4 Nf6 5. Bd3 d6 6. O-O Nbd7 7. Nc3 a6 8. a4
b6 9. b4 Bb7 10. Qe2 Qc7 11. Bb2 Be7 12. f4 O-O 13. g4 d5 14. e5 Ne4 15. Nxe4
dxe4 16. Bxe4 Bxb4 17. Rf3 Rfe8 18. Rh3 Nf8 19. g5 Bc5 20. Rc1 Rac8 21. c3 Red8
22. Bd3 Qc6 23. Qg4 Rxd4 24. cxd4 Qh1+ 0-1

[Event "SVM_Regionalliga_2023-24"]
[Site "?"]
[Date "2023.09.24"]
[Round "2.2"]
[White "Alienkin, Aleksander"]
[Black "Schüller, Tobias"]
[Result "1-0"]
[WhiteElo "2288"]
[BlackElo "1909"]
[PlyCount "91"]
[EventDate "2023.09.24"]
[WhiteTeam "DJK Aufwärts Aachen 1"]
[BlackTeam "Eschweiler SC 1"]

1. d4 d5 2. Nf3 Bf5 3. c4 e6 4. Nc3 c6 5. Qb3 Qb6 6. c5 Qxb3 7. axb3 Nd7 8. b4
a6 9. b5 cxb5 10. Nxb5 Rc8 11. Nc3 Be7 12. b4 Ngf6 13. Bf4 O-O 14. e3 h6 15.
Be2 Nh5 16. Bg3 Nxg3 17. hxg3 Bd8 18. Kd2 a5 19. bxa5 Ra8 20. a6 bxa6 21. Bxa6
Be7 22. Bd3 Bxd3 23. Kxd3 Bxc5 24. Rxa8 Rxa8 25. dxc5 Nxc5+ 26. Kd2 Rb8 27. Rb1
Ne4+ 28. Ke1 Rxb1+ 29. Nxb1 f6 30. Nfd2 Nd6 31. Ke2 h5 32. Nc3 Kf7 33. Kd3 g5
34. Nf3 e5 35. Nd2 Ke6 36. Nb3 Nb7 37. Nb5 f5 38. f4 gxf4 39. gxf4 h4 40. Nc7+
Kd7 41. Nxd5 exf4 42. Nxf4 Nd6 43. Ng6 h3 44. gxh3 Ne4 45. Nf4 Ke7 46. Nd2 1-0

[Event "SVM_Regionalliga_2023-24"]
[Site "?"]
[Date "2023.09.24"]
[Round "2.3"]
[White "Henrotte, Nils"]
[Black "Cnossen, Wiebe"]
[Result "1-0"]
[WhiteElo "1968"]
[BlackElo "2134"]
[PlyCount "87"]
[EventDate "2023.09.24"]
[WhiteTeam "Eschweiler SC 1"]
[BlackTeam "DJK Aufwärts Aachen 1"]

1. e3 e5 2. d3 Nf6 3. d4 Nc6 4. d5 Ne7 5. Nc3 c6 6. e4 cxd5 7. exd5 Nf5 8. g4
Nd4 9. g5 Ng8 10. Nf3 Nf5 11. Nxe5 Qe7 12. Qe2 Nd4 13. Qe4 Nxc2+ 14. Qxc2 Qxe5+
15. Qe2 f6 16. Qxe5+ fxe5 17. f4 exf4 18. Bxf4 h6 19. O-O-O hxg5 20. Re1+ Kf7
21. d6 gxf4 22. Bc4+ Kf6 23. Nd5+ Kg5 24. Rhg1+ Kh6 25. Nxf4 g5 26. Re3 Bxd6
27. Rh3+ Kg7 28. Rxg5+ Kf6 29. Rg6+ Ke7 30. Re3+ Kd8 31. Rxd6 Kc7 32. Rg6 Rh4
33. Bxg8 Rxf4 34. Rc3+ Kd8 35. Bd5 Rf8 36. h4 d6 37. Rxd6+ Ke7 38. Rh6 Rf1+ 39.
Kc2 Bf5+ 40. Kb3 Kd7 41. Bc4 Re1 42. Bb5+ Ke7 43. Rc7+ Kd8 44. Rg7 1-0

[Event "SVM_Regionalliga_2023-24"]
[Site "?"]
[Date "2023.09.24"]
[Round "2.4"]
[White "Dönitz, Christian"]
[Black "Spies, Ulrich"]
[Result "1-0"]
[WhiteElo "1988"]
[BlackElo "1866"]
[PlyCount "55"]
[EventDate "2023.09.24"]
[WhiteTeam "DJK Aufwärts Aachen 1"]
[BlackTeam "Eschweiler SC 1"]

1. e4 d5 2. exd5 Qxd5 3. Nc3 Qe6+ 4. Be2 Nf6 5. d4 g6 6. Nf3 Bg7 7. O-O O-O 8.
Nb5 Na6 9. c4 c6 10. Nc3 Nc7 11. Bf4 Qd7 12. Be5 e6 13. Qb3 b6 14. Rfd1 Rd8 15.
Rd2 Nh5 16. Rad1 f6 17. g4 fxe5 18. dxe5 Qxd2 19. Rxd2 Rxd2 20. Nxd2 Nf4 21.
Nf3 Bb7 22. c5 b5 23. Qd1 Ncd5 24. Ne4 Rf8 25. Bf1 h5 26. g5 Bc8 27. Nf6+ Bxf6
28. exf6 1-0

[Event "SVM_Regionalliga_2023-24"]
[Site "?"]
[Date "2023.09.24"]
[Round "2.5"]
[White "Singh, Marcel"]
[Black "Deider, Kevin"]
[Result "1-0"]
[WhiteElo "1794"]
[BlackElo "1970"]
[PlyCount "71"]
[EventDate "2023.09.24"]
[WhiteTeam "Eschweiler SC 1"]
[BlackTeam "DJK Aufwärts Aachen 1"]

1. e4 c5 2. c3 e5 3. Nf3 Nc6 4. Bc4 Nf6 5. O-O Nxe4 6. Bd5 Nf6 7. Bxc6 dxc6 8.
Nxe5 Be6 9. d4 cxd4 10. cxd4 Be7 11. b3 O-O 12. Bb2 Qc7 13. Nd2 Rfd8 14. Qe2
Nd5 15. Ne4 Qb6 16. Rfd1 a5 17. Nc4 Qb5 18. Nc5 Bxc5 19. dxc5 Qxc5 20. Qe5 Qf8
21. Rd3 Nf6 22. Rg3 Ng4 23. Qf4 f5 24. h3 Nf6 25. Qe5 Kf7 26. Qc7+ Kg8 27. Qe5
Kf7 28. Nb6 Rab8 29. Re1 Qe7 30. Rge3 Rd2 31. Nc4 Rxf2 32. Kxf2 Ne4+ 33. Rxe4
fxe4 34. Qxg7+ Ke8 35. Qxe7+ Kxe7 36. Rxe4 1-0

[Event "SVM_Regionalliga_2023-24"]
[Site "?"]
[Date "2023.09.24"]
[Round "2.6"]
[White "Klinkhammer, Matthias"]
[Black "Wilhelm, Oliver"]
[Result "1-0"]
[WhiteElo "1893"]
[BlackElo "1876"]
[PlyCount "123"]
[EventDate "2023.09.24"]
[WhiteTeam "DJK Aufwärts Aachen 1"]
[BlackTeam "Eschweiler SC 1"]

1. Nf3 d5 2. g3 c5 3. Bg2 Nc6 4. d4 Bg4 5. Ne5 Nxe5 6. dxe5 e6 7. c4 Ne7 8. O-O
Qc7 9. Nc3 a6 10. Qa4+ Qd7 11. Qxd7+ Kxd7 12. cxd5 exd5 13. Nxd5 Nxd5 14. Bxd5
Bxe2 15. Re1 Bg4 16. Bxb7 Ra7 17. Bd5 Be6 18. Be4 Be7 19. Rd1+ Kc8 20. Be3 Rd8
21. Rxd8+ Kxd8 22. Rd1+ Rd7 23. Rxd7+ Kxd7 24. Bd3 c4 25. Be4 c3 26. bxc3 Bxa2
27. Bd3 a5 28. Bb6 a4 29. Bb5+ Ke6 30. Bxa4 Kxe5 31. Bd4+ Ke6 32. Bxg7 Bf6 33.
Bxf6 Kxf6 34. Bc2 h6 35. Bd3 Bd5 36. Kf1 Bf3 37. h4 Ke5 38. Ke1 f5 39. Be2 Bc6
40. f4+ Kd6 41. Bd3 Bd7 42. Kd2 Bc8 43. Kc2 Kc5 44. Kb3 Bd7 45. Ka3 Be6 46. Ka4
Bd7+ 47. Ka5 Bc8 48. Be2 Bb7 49. g4 fxg4 50. Bxg4 Kc4 51. Kb6 Bd5 52. Kc7 Kxc3
53. Kd6 Kd4 54. f5 Bf7 55. Ke7 h5 56. Bd1 Bd5 57. Kf6 Ke4 58. Bxh5 Kf4 59. Bg6
Bf3 60. h5 Bd5 61. h6 Bg8 62. h7 1-0

[Event "SVM_Regionalliga_2023-24"]
[Site "?"]
[Date "2023.09.24"]
[Round "2.7"]
[White "Huppertz, Andrea"]
[Black "Hennicken, Reinhard"]
[Result "1/2-1/2"]
[WhiteElo "1728"]
[BlackElo "1952"]
[PlyCount "49"]
[EventDate "2023.09.24"]
[WhiteTeam "Eschweiler SC 1"]
[BlackTeam "DJK Aufwärts Aachen 1"]

1. d4 d5 2. Nf3 Nf6 3. Bf4 e6 4. e3 c5 5. c3 Qb6 6. Qb3 Qxb3 7. axb3 Nc6 8. Na3
Be7 9. Nb5 O-O 10. Nc7 Rb8 11. Bb5 Bd7 12. Ne5 cxd4 13. exd4 Bd8 14. Nxd7 Nxd7
15. Bd6 Bxc7 16. Bxc7 Ra8 17. Bd6 Rfc8 18. O-O Nf6 19. f3 a6 20. Bd3 Rd8 21.
Bg3 Rdc8 22. Rfe1 Nd7 23. f4 Ne7 24. Bh4 Ng6 25. Bg3 1/2-1/2

[Event "SVM_Regionalliga_2023-24"]
[Site "?"]
[Date "2023.09.24"]
[Round "2.8"]
[White "Mossakowski, Gustaf"]
[Black "Bieberle, Gerhart"]
[Result "1-0"]
[WhiteElo "1781"]
[BlackElo "1779"]
[PlyCount "115"]
[EventDate "2023.09.24"]
[WhiteTeam "DJK Aufwärts Aachen 1"]
[BlackTeam "Eschweiler SC 1"]

1. e4 c5 2. Nf3 Nc6 3. Bc4 e6 4. O-O d5 5. exd5 exd5 6. Re1+ Be7 7. Bb5 Nf6 8.
Qe2 h6 9. d4 c4 10. Ne5 Bd7 11. Nxd7 Qxd7 12. Bxc6 bxc6 13. b3 Kd8 14. bxc4 Re8
15. Be3 Bd6 16. Nd2 Re7 17. h3 Ke8 18. c5 Bf4 19. Qa6 Bxe3 20. Rxe3 Rxe3 21.
fxe3 Rb8 22. Nf3 Qb7 23. Qxb7 Rxb7 24. Ne5 Rc7 25. c4 Ne4 26. cxd5 cxd5 27. Rb1
f6 28. Rb8+ Ke7 29. Ng6+ Kf7 30. Nf4 Nc3 31. Rb3 g5 32. Rxc3 gxf4 33. exf4 Ke6
34. g4 Kd7 35. Kf2 Kc6 36. Re3 Kd7 37. f5 Rb7 38. Rb3 Rc7 39. a4 Kc8 40. Kf3
Re7 41. Re3 Rb7 42. Re6 Rb4 43. Rxf6 Rxd4 44. a5 Rd3+ 45. Kf4 Rxh3 46. Ke5 Ra3
47. a6 d4 48. Kxd4 Ra4+ 49. Kd5 Rxg4 50. Kc6 Kd8 51. Rxh6 Rf4 52. f6 Ke8 53.
Kb7 Rb4+ 54. Kxa7 Kd7 55. Rh7+ Kc6 56. Rb7 Rf4 57. f7 Kxc5 58. Kb8 1-0

[Event "SVM_Regionalliga_2023-24"]
[Site "?"]
[Date "2023.10.15"]
[Round "3.1"]
[White "Karimi, Farhad"]
[Black "Radler, Alexander"]
[Result "1/2-1/2"]
[WhiteElo "2069"]
[BlackElo "1677"]
[PlyCount "83"]
[EventDate "2023.10.15"]
[WhiteTeam "Satranç Club 1"]
[BlackTeam "Eschweiler SC 1"]

1. e4 c5 2. Nf3 Nc6 3. Bb5 e6 4. O-O Nge7 5. Re1 a6 6. Bf1 b5 7. a4 b4 8. c3 d5
9. exd5 Nxd5 10. d4 cxd4 11. Nxd4 Nxd4 12. Qxd4 bxc3 13. bxc3 Bb7 14. a5 Nf6
15. Qh4 Be7 16. Qh3 O-O 17. Nd2 Rc8 18. Nc4 Nd5 19. Bd3 g6 20. Bh6 Re8 21. Rxe6
fxe6 22. Qxe6+ Kh8 23. Ne5 Bf8 24. Nxg6+ hxg6 25. Qxg6 Qe7 26. Ra4 Rc6 27. Bg7+
Qxg7 28. Qxe8 Rh6 29. Rg4 Qe7 30. Qb8 Nxc3 31. h3 Nd5 32. Re4 Qg7 33. Re8 Rf6
34. Be4 Rf7 35. Rd8 Qf6 36. f3 Kg7 37. Qg3+ Kh8 38. Bxd5 Qd4+ 39. Qf2 Qd1+ 40.
Kh2 Bxd5 41. Qh4+ Kg8 42. Qg5+ 1/2-1/2

[Event "SVM_Regionalliga_2023-24"]
[Site "?"]
[Date "2023.10.15"]
[Round "3.2"]
[White "Schüller, Tobias"]
[Black "Al Soliman, Osama"]
[Result "0-1"]
[WhiteElo "1909"]
[BlackElo "1931"]
[PlyCount "64"]
[EventDate "2023.10.15"]
[WhiteTeam "Eschweiler SC 1"]
[BlackTeam "Satranç Club 1"]

1. Nf3 Nf6 2. c4 e6 3. g3 d5 4. b3 Be7 5. Bg2 O-O 6. O-O c5 7. cxd5 exd5 8. d4
Bf5 9. dxc5 Nc6 10. Bb2 Bxc5 11. Nd4 Be4 12. e3 Nb4 13. Bc3 Bxd4 14. Bxd4 Bd3
15. Bc3 Bxf1 16. Bxb4 Bxg2 17. Bxf8 Bh3 18. Bc5 Qc8 19. Bd4 Qf5 20. Nd2 Rc8 21.
Bxf6 Qxf6 22. Rc1 Rxc1 23. Qxc1 d4 24. e4 d3 25. Qe1 Qb2 26. a4 g6 27. f3 Qd4+
28. Kh1 h5 29. e5 a6 30. f4 Kg7 31. a5 Kf8 32. Nc4 Be6 0-1

[Event "SVM_Regionalliga_2023-24"]
[Site "?"]
[Date "2023.10.15"]
[Round "3.3"]
[White "Schüler, Hans-Ulrich"]
[Black "Henrotte, Nils"]
[Result "0-1"]
[WhiteElo "1927"]
[BlackElo "1968"]
[PlyCount "46"]
[EventDate "2023.10.15"]
[WhiteTeam "Satranç Club 1"]
[BlackTeam "Eschweiler SC 1"]

1. e4 e6 2. d4 d5 3. e5 c5 4. c3 Nc6 5. Nf3 Nh6 6. Bd3 cxd4 7. cxd4 Nb4 8. Be2
Nf5 9. Nc3 Be7 10. a3 Nc6 11. b4 Bd7 12. Bb2 Rc8 13. Rc1 Bg5 14. Rb1 Be7 15.
Qd3 h5 16. Nd1 g5 17. Ne3 Nxe3 18. fxe3 g4 19. Nd2 Bh4+ 20. g3 Bg5 21. Rf1 Ne7
22. b5 Qa5 23. Bc1 Rc3 0-1

[Event "SVM_Regionalliga_2023-24"]
[Site "?"]
[Date "2023.10.15"]
[Round "3.4"]
[White "Kaluza, Josef"]
[Black "Proba, Stefan"]
[Result "1-0"]
[WhiteElo "2032"]
[BlackElo "1895"]
[PlyCount "119"]
[EventDate "2023.10.15"]
[WhiteTeam "Eschweiler SC 1"]
[BlackTeam "Satranç Club 1"]

1. b3 Nf6 2. Bb2 g6 3. Bxf6 exf6 4. c4 Bg7 5. Nc3 c6 6. e3 f5 7. Rc1 d6 8. g3
Nd7 9. Bg2 Nf6 10. Nge2 Bd7 11. b4 O-O 12. a4 Re8 13. Qb3 Ne4 14. d3 Nxc3 15.
Nxc3 h5 16. h4 Rb8 17. Ne2 Qf6 18. d4 Bh6 19. Kf1 b6 20. Rd1 Qe7 21. b5 c5 22.
Qd3 Red8 23. Bd5 Be6 24. Nc3 Bg7 25. Kg2 cxd4 26. exd4 Qf6 27. Rhe1 Rbc8 28.
Na2 Bxd5+ 29. cxd5 Re8 30. Rxe8+ Rxe8 31. Nb4 Qe7 32. Rc1 Qd7 33. Rc4 Re4 34.
Nc6 Re8 35. Rb4 Kh7 36. a5 f4 37. axb6 axb6 38. Ra4 fxg3 39. Ra7 Qg4 40. Qxg3
Qf5 41. Qf3 Re4 42. Qxf5 gxf5 43. Rxf7 Kg6 44. Rd7 Bxd4 45. Rxd6+ Kf7 46. Nxd4
Rxd4 47. Kf3 Ke7 48. Rxb6 Rxd5 49. Kf4 Rd4+ 50. Kxf5 Rxh4 51. Rh6 Rb4 52. b6
Rb5+ 53. Kf4 Kf7 54. Rc6 Kg7 55. Ke4 Kh7 56. f4 Kg7 57. f5 Kf7 58. Kf4 Rb4+ 59.
Kg5 h4 60. Rc7+ 1-0

[Event "SVM_Regionalliga_2023-24"]
[Site "?"]
[Date "2023.10.15"]
[Round "3.5"]
[White "Langen, Dirk"]
[Black "Spies, Ulrich"]
[Result "1/2-1/2"]
[WhiteElo "1759"]
[BlackElo "1866"]
[PlyCount "54"]
[EventDate "2023.10.15"]
[WhiteTeam "Satranç Club 1"]
[BlackTeam "Eschweiler SC 1"]

1. c4 c5 2. Nc3 e5 3. g3 Nc6 4. Bg2 d6 5. e3 g6 6. Nge2 Bg7 7. h3 Nge7 8. O-O
O-O 9. f4 Be6 10. b3 f5 11. Bb2 d5 12. Nxd5 Nxd5 13. cxd5 Bxd5 14. Bxd5+ Qxd5
15. fxe5 Bxe5 16. Bxe5 Nxe5 17. Nf4 Qd6 18. Rc1 Rfd8 19. Rc2 b6 20. Rf2 Nd3 21.
Nxd3 Qxd3 22. Qc1 Rd7 23. Rb2 Rad8 24. Qc4+ Qxc4 25. bxc4 Rd3 26. Kf1 Kf7 27.
Ke2 R8d7 1/2-1/2

[Event "SVM_Regionalliga_2023-24"]
[Site "?"]
[Date "2023.10.15"]
[Round "3.6"]
[White "Singh, Marcel"]
[Black "Rublack, Valentin"]
[Result "0-1"]
[WhiteElo "1794"]
[BlackElo "1647"]
[PlyCount "82"]
[EventDate "2023.10.15"]
[WhiteTeam "Eschweiler SC 1"]
[BlackTeam "Satranç Club 1"]

1. e4 e6 2. Nc3 d5 3. Nf3 f5 4. exd5 exd5 5. d4 Nf6 6. Bd3 Bd6 7. O-O O-O 8.
Bg5 c6 9. Ne5 h6 10. Bd2 Qb6 11. Nf3 Ne4 12. Na4 Qc7 13. h3 Nd7 14. Nh4 Qd8 15.
Ng6 Rf7 16. f3 Nxd2 17. Qxd2 Qf6 18. Ne5 Nxe5 19. dxe5 Qxe5 20. Nc3 Qh2+ 21.
Kf2 Re7 22. Ne2 Bc5+ 23. Ke1 Qxg2 24. Qc3 Bb6 25. Qb4 Kf7 26. Qh4 Bd7 27. Kd2
Rae8 28. Rae1 Re3 29. b4 Kg8 30. Qh5 a5 31. a3 axb4 32. axb4 R3e7 33. f4 Bf2
34. Ra1 g6 35. Qxh6 Rh7 36. Rxf2 Qxf2 37. Qxg6+ Rg7 38. Qd6 Rxe2+ 39. Bxe2 Qd4+
40. Ke1 Rg1+ 41. Bf1 Qe3+ 0-1

[Event "SVM_Regionalliga_2023-24"]
[Site "?"]
[Date "2023.10.15"]
[Round "3.7"]
[White "Krah, Marc"]
[Black "Wilhelm, Oliver"]
[Result "1-0"]
[WhiteElo "1927"]
[BlackElo "1876"]
[PlyCount "85"]
[EventDate "2023.10.15"]
[WhiteTeam "Satranç Club 1"]
[BlackTeam "Eschweiler SC 1"]

1. c4 c5 2. Nf3 Nf6 3. g3 g6 4. Bg2 Bg7 5. O-O O-O 6. d4 cxd4 7. Nxd4 Nc6 8.
Nc3 a6 9. Nxc6 dxc6 10. Qc2 Qc7 11. h3 e5 12. e4 Be6 13. Nd1 Qd7 14. Kh2 Qd4
15. Ne3 Rad8 16. Rd1 Qc5 17. Bd2 Rd7 18. Bc3 Rfd8 19. b4 Qe7 20. Bxe5 Qxb4 21.
Bc7 Rxd1 22. Rxd1 Rxd1 23. Qxd1 Nd7 24. Nd5 cxd5 25. cxd5 Bxd5 26. Qxd5 Qd4 27.
Qxb7 Qxf2 28. e5 Nf8 29. Qxa6 Qb2 30. Qa5 Ne6 31. Bd6 h5 32. h4 Kh7 33. Qd5 Qf2
34. Qf3 Qxa2 35. Qxf7 Kh6 36. Qf3 g5 37. Qd5 Qxd5 38. Bxd5 gxh4 39. Bxe6 hxg3+
40. Kxg3 Kg5 41. Bd7 h4+ 42. Kf3 h3 43. Bxh3 1-0